| 000 | 01632nam a2200325 i 4500 | ||
|---|---|---|---|
| 001 | 991061720910706706 | ||
| 003 | ES-BaIT | ||
| 005 | 20260224135904.0 | ||
| 008 | 250210e202405 fr a r 000 1 fre d | ||
| 020 | _a9782749816401 | ||
| 040 |
_aES-BaIT _bcat _erda _cES-BaIT |
||
| 080 | _a840-2"20" | ||
| 100 | 1 |
_aMarra, Fabio, _d1984- _eautor _9168654 |
|
| 245 | 1 | 3 |
_aLa Couleur des souvenirs / _cFabio Marra |
| 264 | 1 |
_aParis : _bL'avant-scène théatre, _cmai 2024 |
|
| 300 |
_a78 pàgines, 7 pàgines de làmines sense numerar, 19 pàgines sense numerar : _bil·lustracions ; _c21 cm |
||
| 336 |
_atext _btxt |
||
| 336 |
_aimatge fixa _bsti _2rdacontent |
||
| 337 |
_asense mediació _bn _2rdamedia |
||
| 338 |
_avolum _bnc _2rdacarrier |
||
| 490 | 1 |
_aL'Avant-scène théâtre ; _vno 1557 |
|
| 500 | _aP7: D3, H4 | ||
| 500 | _aPublicat com no 1557 (mai 2024) de la revista L'Avant-scène théâtre | ||
| 520 |
_a"Comment se pardonner des actes que nous-mêmes estimos impardonnables? Quand les souvenirs refont surface, comment régler ses propres conflits, comment apprendre à voir autrement? Vittorio est un artiste peintre ateint de DMLA, il perd la vue progressivement. Dans l'incapacité de dévoiler ses uvres, il s'est toujours caché derrière la trait d'autres peintres. Comme ultime rempart, il se lance dans la falsification d'un chef-d'uvre. L'arrivée inattendue de son fils Luca plonge Vittorio dans le passé"-- _cContracoberta |
||
| 650 | 0 |
_aDegeneració macular _vTextos dramàtics _9168655 |
|
| 830 |
_aAvant-scène. _pThéâtre _v1557 _9168170 |
||
| 908 | _aCDMAE | ||
| 940 | _aCDMAE | ||
| 942 |
_2udc _c1 |
||
| 999 |
_c137127 _d137127 |
||